00624nam a22001937a 450000500170000001000140001702000230003103500130005403700130006708200080008010000190008824500460010726000370015327000460019030000220023694200220025899900170028095201330029720100726134014.0 aENG-97045 a8170632226c150.00 aEN-80578 bDBAD/PUB a610 aRaja Ram91468 aHandbook for better living /cby Raja Ram aNew DelhibArya Book Depotc2009 a30 Naiwala, Karol BaghbNew Delhie110005 a103p.c25cm. (Hb) 2ddccENh610mRAJ c37710d37710 001040718NFICaDBADbDBADd2010-07-26eDBAD/PUBg150.00l0o610 RAJpEN-80578r2010-07-26 00:00:00t1v150.00w2010-07-26yEN